Central Library OPAC University of Rajshahi

Integralgleichungen und gleichungen mit unerdlichvielen unbekannten / (Record no. 51082)

MARC details
000 -LEADER
fixed length control field 00681nam a2200217 a 4500
001 - CONTROL NUMBER
control field 51082
003 - CONTROL NUMBER IDENTIFIER
rucl marc code BD-RjUL
005 - DATE AND TIME OF LATEST TRANSACTION
control field 20211209075616.0
008 - FIXED-LENGTH DATA ELEMENTS--GENERAL INFORMATION
fixed length control field 160829s1953 nyu 000 0 eng d
035 ## - SYSTEM CONTROL NUMBER
System control number (BD-RjUL)51202
040 ## - CATALOGING SOURCE
Original cataloging agency BD-RjUL
Language of cataloging eng
Transcribing agency BD-RjUL
Modifying agency BD-RjUL
041 ## - LANGUAGE CODE
Language code of text/sound track or separate title eng
082 ## - DEWEY DECIMAL CLASSIFICATION NUMBER
Edition number 23
Classification number 515.45
Author mark and year HEI 1953
100 1# - MAIN ENTRY--PERSONAL NAME
Personal name Hellinger, E.
9 (RLIN) 151200
245 10 - TITLE STATEMENT
Title Integralgleichungen und gleichungen mit unerdlichvielen unbekannten /
Statement of responsibility, etc. E. Hellinger and O. Toeplitz.
260 ## - PUBLICATION, DISTRIBUTION, ETC. (IMPRINT)
Place of publication, distribution, etc. New York :
Name of publisher, distributor, etc. Chelsea Publishing co.,
Date of publication, distribution, etc. 1953.
300 ## - PHYSICAL DESCRIPTION
Pagination 1336-1616 p. ;
Size 21 cm.
650 #0 - SUBJECT ADDED ENTRY--TOPICAL TERM
Topical term or geographic name as entry element Integral equations
9 (RLIN) 152806
Form subdivision Mathematics
700 1# - ADDED ENTRY--PERSONAL NAME
Personal name Toeplitz, O.
942 ## - ADDED ENTRY ELEMENTS (KOHA)
Source of classification or shelving scheme Dewey Decimal Classification
Koha item type Books
Holdings
Lost status Source of classification or shelving scheme Damaged status Not for loan Collection code Permanent Location Current Location Shelving location Date acquired Source of acquisition Cost, normal purchase price Total Checkouts Full call number Date last seen Copy number Koha item type
  Dewey Decimal Classification     Non-fiction Central Library, University of Rajshahi Central Library, University of Rajshahi   18/06/1964 Zeitlinger 36.00   515.45 HEI 1953 29/08/2016 C-2 Books
  Dewey Decimal Classification     Non-fiction Central Library, University of Rajshahi Central Library, University of Rajshahi   08/12/1962 Zeitlinger 31.00   515.45 HEI 1953 29/08/2016 C-3 Books